000
00274nam a2200109Ia 4500
008
201231s9999 xx 000 0 und d
100
_a
Maritime and coast guard agency
245
0
_a
(The) Ship Captains Medical Guide
260
_a
London
_b
HMSO
300
_a
232
942
_c
BK
999
_c
10311
_d
10311